00773 2200229 4500001002100000005001700021008004100038035002500079040001200104082001400116084001900130100001700149245010500166260005800271300003100329500008600360504003000446650002400476700001300500850001200513990001800525INLIS00000000001135520150827113528.0  a0010-081500000002793 aYOPDYOG 223a910.2 aSK 910.2 Agu P aAGUS Riyanto aPotensi Propinsi Daerah Istimewa yogyakarta sebagai wisata petualangan internasionalc/ Agus Riyanto aYogyakartabUniversitas Muhammadiyah Yogyakartac2005 axii, 135 lembarc; 29,5 cm aSkripsi Jurusan Ilmu Hubungan Internasional Fakultas Ilmu Sosial dan Ilmu Politik aBibliografi: hlm. 133-135 aIndustri Pariwisata aSudiyono aYOPDYOG a49043-PD/A.15